| 000 | 00699nam a2200277Ia 4500 | ||
|---|---|---|---|
| 005 | 20260320195817.0 | ||
| 008 | 008 262003s9999 xx 000 0 hin d | ||
| 020 | _a9788126713042 | ||
| 037 | _aEBOOK | ||
| 040 | _aCRL | ||
| 040 | _bhin | ||
| 040 | _cCRL | ||
| 041 | _2hin | ||
| 041 | _ahin | ||
| 084 | _qCRL | ||
| 100 | _aहरिशंकर परसाई | ||
| 245 | 0 | _aनिठल्ले की डायरी | |
| 250 | _a17th | ||
| 260 | _bRajkamal | ||
| 260 | _c2007 | ||
| 300 | _a140 | ||
| 856 | _uhttps://ebook.indiaread.in/pdfs/nithalle_ki_diary_by_harishankar_parsai_03-09-2016_final.pdf | ||
| 942 | _cEBOOK | ||
| 999 |
_c1716623 _d1716623 |
||